Statistics for a-z actresses and actors

Click here to take the quiz!

General Stats

  • This quiz has been taken 25 times
  • The average score is 3 of 23

Answer Stats

alphabetactressactor% Correct
a ( Pitch perfect, True Blood)Anna KendrickAlexander Skarsgard
71%
w ( daughter of Will |Smith)Willow SmithWill Smith
59%
l (riverdale, The Matrix, Hannibal)Lili ReinhartLaurence Fisborne
24%
o ( the Favourite,Marley and Me)Olivia ColmanOwen Wilson
24%
r (Charmed, Mr Bean)Rose McGowanRowan Atkinson
24%
s (Killingeve, True Blood)Sandra OhStephen Moyer
24%
p ( Covert Affairs, The Vampire Diaries)Piper PeraboPaul Wesley
18%
g ( Once upon atime, Oceans 11)Ginnifer GoodwinGeorge Clooney
12%
m (identity Thief, Glee)Melissa McCarthyMatthew Morrison
12%
u ( Sherlock BBC, Jamaican Ruuner)Una StubbsUsain Bolt
12%
b ( Doctor who, TitanicBillie PiperBilly Zane
6%
c (Outlander, One tree hill)Caitriona BalfeChad Michael Murray
6%
d (scottish actor) (The Flash actress)Danielle PanabakerDougray Scott
6%
e (pitch perfect, lord if the ringsElizabeth BanksElijah Wood
6%
f ( theory of everything) (hubbie of Buffy)Felicity JonesFreddie Prince Jr
6%
j ( Nearly headless nick),( absolutely FabulousJoanna LumleyJohn Cleese
6%
h (member of One direction) ( ex disney)Hilary DuffHarry Styles
0%
i ( lucifer israeli) ( wlesh actor)Inbar LaviIoan Gruffudd
0%
k (may she rest in peace) ( Central intelligence, Jumanji)Kelly PrestonKevin Hart
0%
n ( SupergirlNicole MainesNicholas Cage, Wickerman)
0%
t ( Warm Bodies/ A Discovery of witches, Spiderman Homecoming)Teresa PalmerTom Holland
0%
v ( author of Divergent) ( Fast and the Furious)Veronica RothVin Diesel
0%
y ( Jane the Virgin, Soviet Cosmonaut)Yael GrobglasYuri Gagarin
0%

Score Distribution

Percentile by Number Answered

Percent of People with Each Score

Your Score History

You have not taken this quiz